| 000 | 00581nam a2200157 a 4500 | ||
|---|---|---|---|
| 001 | 000026896 | ||
| 005 | 20200930030457.0 | ||
| 008 | 110328s2003 dr ac 000 0 spa d | ||
| 040 |
_aDO-SdBNP _bspa _cBNPHU |
||
| 082 |
_axxx _bR426s |
||
| 110 | 1 |
_aRepública Dominicana _bSecretaría de Estado de Obras Públicas y Comunicaciones _935775 |
|
| 245 | 1 | 0 | _aSecretaría de Estado de Obras Públicas y Comunicaciones 2000-2003. |
| 260 |
_aSanto Domingo : _bSecretaría de Estado de Obras Públicas y Comunicaciones, _c[2003]. |
||
| 300 |
_a171 p. : _bil., retr. ; _c32 cm. |
||
| 049 | _aBNPD | ||
| 999 |
_c26388 _d26388 |
||